000 00896nam a22002057a 4500
005 20241007154910.0
010 _aHIN-128542
020 _a9788123791142
_c145.00
035 _aHN-100888
037 _bDBAD
082 _a305.231
100 _aमंजु देवी
_972436
245 _aबच्चों को प्यार दें /
_cमंजु देवी
250 _aप्रथम
260 _aनई दिल्ली
_bराष्ट्रिय पुस्तक न्यास
_c2020
270 _aनेहरू भवन, 5 इंस्टीट्यूशनल एरिया, फेज -2 ,वसंत कुंज
_bनई दिल्ली
_e110070
300 _a188 पृ.
_c22सेमी(अजिल्द)
700 _972400
_aई. स्टैनली जोन्स
942 _2ddc
_cHN
_h305.231
_mमंजु
999 _c206145
_d206145